| 000 | 00578nam a2200217Ia 4500 | ||
|---|---|---|---|
| 003 | OSt | ||
| 005 | 20230328160812.0 | ||
| 008 | 210423s2006 xx 000 0 und d | ||
| 020 | _a1412917417 | ||
| 040 | _cAL | ||
| 041 | _aeng | ||
| 082 | _a303.482 NEUJ | ||
| 100 |
_aNEULIEP (James W). _979222 |
||
| 245 | _aIntercultural communication: a contextual approach. | ||
| 250 | _a3 | ||
| 260 |
_aNew Delhi _bSage Publications _c2006 |
||
| 300 |
_axv,478 _bPB |
||
| 365 |
_b3214 _cINR |
||
| 906 | _aapproach. ; communication: ; contextual ; Intercultural | ||
| 942 |
_2ddc _cBK |
||
| 999 |
_c156275 _d156275 |
||